Aperturas semi-abiertas (Record no. 113776)

MARC details
000 -LEADER
campo de control de longitud fija 00729nam a2200217 i 4500
001 - NÚMERO DE CONTROL
campo de control 113776
003 - IDENTIFICADOR DE NÚMERO DE CONTROL
campo de control ES-MaACL
005 - FECHA Y HORA DE LA ÚLTIMA TRANSACCIÓN
campo de control 20230906190013.0
007 - CAMPO FIJO DE DESCRIPCIÓN FÍSICA--INFORMACIÓN GENERAL
campo de control de longitud fija t|
008 - DATOS DE LONGITUD FIJA--INFORMACIÓN GENERAL
campo de control de longitud fija 061121s1968 sp r ||||1| spa d
100 1# - ENTRADA PRINCIPAL--NOMBRE DE PERSONA
Nombre de persona Pachman, Ludek (
Fechas asociadas al nombre 1924-2003)
9 (RLIN) 88143
245 10 - MENCIÓN DEL TÍTULO
Título Aperturas semi-abiertas
Resto del título : teoría moderna del ajedrez /
Mención de responsabilidad, etc. Ludik Pachman ; [traducción Rafael Pérez Delgado].
260 ## - PUBLICACIÓN, DISTRIBUCIÓN, ETC.
Lugar de publicación, distribución, etc. Barcelona :
Nombre del editor, distribuidor, etc. Martínez Roca,
Fecha de publicación, distribución, etc. 1968.
300 ## - DESCRIPCIÓN FÍSICA
Extensión 346 p. :
Otras características físicas il ;
Dimensiones 20 cm.
490 1# - MENCIÓN DE SERIE
Mención de serie Colección Escaques ;
Designación de volumen o secuencia 12
650 04 - PUNTO DE ACCESO ADICIONAL DE MATERIA--TÉRMINO DE MATERIA
Término de materia o nombre geográfico como elemento de entrada Ajedrez-
Subdivisión general Aperturas.
9 (RLIN) 9708
700 1# - ENTRADA AGREGADA--NOMBRE PERSONAL
Nombre de persona Pérez Delgado, Rafael.
9 (RLIN) 90829
830 0# - PUNTO DE ACCESO ADICIONAL DE SERIE-TÍTULO UNIFORME
Título uniforme Colección Escaques ;
Designación de volumen o secuencia 12
9 (RLIN) 183705
852 ## - LOCALIZACIÓN
Ubicación ES-MaACL
Número de control de estantería C-50495
Sublocalización o colección R.66972
Holdings
Estatus retirado Estado de pérdida Estado de daño No para préstamo Biblioteca de origen Biblioteca actual Ubicación en estantería Fecha de adquisición Fuente de adquisición Total de préstamos Signatura topográfica completa Código de barras Visto por última vez Precio de reemplazo Tipo de ítem Koha
        Biblioteca del Ateneo de Madrid Biblioteca del Ateneo de Madrid Depósito 2 17/01/2008     C-50495 1118659 23/02/2023 23/02/2023 Libro impreso